000 00459nam a2200169Ia 4500
008 131103s9999 xx 000 0 und d
040 _aLoreto College
041 _aEnglish
082 _a823.8/BRO-BEN
_bLCLIB
100 _aBentley,Phyllis
245 4 _aThe Bronte Sisters
_cPhyllis Bentley
260 _aLondon
_bLongmans
_c1950
300 _a44p
_c 20cm
650 _aBrontes-Criticism and interpretation
850 _aLCLIB/823.8/BRO-BEN
942 _cBK
999 _c17130
_d67609